Activités dont le nom se termine par "culture" - Statistiques

Statistiques générales
  • Ce quiz a été pris 151 fois
  • Le résultat moyen est 11 sur 20
Statistiques - réponses
Activité Produit % Correct
Caféiculture Caféier
98%
Riziculture Riz
98%
Apiculture Abeille
93%
Trufficulture Truffe
87%
Viticulture Vin
87%
Ostréiculture Huitre
86%
Spongiculture Eponge
72%
Saliculture Sel
69%
Carpiculture Carpe
68%
Sylviculteur Arbre
64%
Myciculture ou Fungiculture Champignon
61%
Mytiliculture Moule
48%
Aviculture Oiseau
41%
Horticulture Légume et fruit
40%
Trutticulture Truite
36%
Conchyliculture Coquillage
34%
Cuniculture ou Cuniculiculture Lapin
32%
Sériciculture Ver à soie
9%
Acériculture Erable
5%
Phoeniciculture Dattier
4%
Aucun quiz correspondant
Distribution des résultats
% des personnes avec chaque résultat
Percentile par nombre de réponses
Votre historique - résultats
Vous n’avez pas pris ce quiz